000 00413 a2200133 4500
020 _a0023402717
020 _a0137194854
040 _aDLC
_bDLC
100 1 _aGallagher, Timothy James,
245 1 0 _aFinancial management : principles and practice
_cTimothy J. Gallagher, Joseph D. Andrew, Jr.
260 _aUpper Saddle River, N.J. :
_bPrentice Hall,
_c1996.
300 _axxvii, 523 p.
942 _cBK
_k658.15 GAL
_2ddc
999 _c4617
_d4617